Statistics for Which US State...

Click here to take the quiz!

General Stats

  • This quiz has been taken 19 times
  • The average score is 12 of 15

Answer Stats

QuestionAnswer% Correct
Which of the following states were a part of the Thirteen Colonies?Connecticut
94%
Which of the following states contains a Disney Theme Park?Florida
88%
Which of the following states starts with a letter that no other state starts with?Hawaii
88%
Which of the following states touches this Mississippi River?Louisiana
88%
Which of the following states do not share a border with another country?Nebraska
88%
Which of the following states contains the highest populated city?New York
88%
Which of the following states do not touch the Atlantic Ocean?Tennessee
88%
Which of the following states was the first created?Delaware
82%
Which of the following states are the largest in area?Alaska
76%
Which of the following states is the closest to the nation's capital?Maryland
76%
Which of the following states' abbreviations is not the first two letters of the states' name?Maine
71%
Which of the following states has a capital that starts with the letter C?Nevada
71%
Which of the following states has the lowest population?Wyoming
71%
Which of the following states was not a state until 1950?Hawaii
65%
Which of the following states is the most southern point of the United States?Florida
29%

Score Distribution

Percentile by Number Answered

Percent of People with Each Score

Your Score History

You have not taken this quiz